| 000 | 00709nam a22002057a 4500 | ||
|---|---|---|---|
| 005 | 20100727100217.0 | ||
| 010 | _aENG-96934 | ||
| 020 |
_a9788184420166 _c350.00 |
||
| 035 | _aEN-80467 | ||
| 037 | _bDBAD/PUB | ||
| 082 | _a250 | ||
| 100 |
_aAkshya Kumari Devi _93101 |
||
| 245 |
_aCautama the Buddha : _bhis life and his religion / _cby Akshya Kumari Devi |
||
| 260 |
_aNew Delhi _bUniversal Voice _c2010 |
||
| 270 |
_aGF-6, prakash Deep Building, 4735/22 AnsariRoad, Darya Ganj _bNew Delhi _e110002 |
||
| 300 |
_a168 p. _c24cm (Pbk) |
||
| 500 | _aIncludes index | ||
| 942 |
_2ddc _cEN _h250 _mAKS |
||
| 999 |
_c37816 _d37816 |
||